Normal view
MARC view
Entry Topical Term
001 - CONTROL NUMBER
- control field: 21701
003 - CONTROL NUMBER IDENTIFIER
- control field: ARRUPE
005 - DATE AND TIME OF LATEST TRANSACTION
- control field: 20160121124817.0
008 - FIXED-LENGTH DATA ELEMENTS
- fixed length control field: 160121|| aca||aabn | a|a d
040 ## - CATALOGING SOURCE
- Original cataloging agency: ARRUPE
- Transcribing agency: ARRUPE
150 ## - HEADING--TOPICAL TERM
- Topical term or geographic name as entry element: German property
- Geographic subdivision: South Africa.
670 ## - SOURCE DATA FOUND
- Source citation: Work cat.: (ARRUPE)0: Bleloch, William Edwin, 1863- 21699, A thousand million pounds for us or Germany?, 1917.